000 01169cam a2200361 a 4500
999 _c529210
_d529210
001 12416076
003 NUST
005 20190923102427.0
008 000919r20001890pk a 001 0 eng
010 _a 00312395
020 _a9693511646
025 _aP-E-00312395; 07
035 _a(DLC) 00312395
038 _aMSOHAIL
040 _aDLC
_cDLC
_dDLC
042 _alcode
043 _aa-af---
_aa-pk---
050 0 0 _aDS354.58
_b.O45 2000
082 0 0 _a958.103
_bOLI
100 1 _aOliver, Edward Emmerson.
_93929
245 1 0 _aAcross the border :
_bor Pathan and Biloch /
_cby Edward E. Oliver ; illustrated by J.L. Kipling.
260 _aLahore :
_bSang-e-Meel Publications,
_c2000.
300 _axi, 344 p. :
_bill. ;
_c22 cm.
500 _aOriginally published: London : Chapman and Hall, 1890.
500 _aIncludes index.
650 0 _aPushtuns.
_93930
650 0 _aBaluchi (Southwest Asian people)
_93931
651 0 _aAfghanistan
_xBoundaries
_zPakistan.
_93932
651 0 _aPakistan
_xBoundaries
_zAfghanistan.
_93933
906 _a7
_bcbc
_corigode
_d3
_encip
_f20
_gy-gencatlg
942 _2ddc
_cBK